| 000 | 00480nam a2200181Ia 4500 | ||
|---|---|---|---|
| 001 | 56943 | ||
| 008 | 140506s9999 xx 000 0 und d | ||
| 020 | _a9788131756577 | ||
| 040 | _cPK-LaUMT | ||
| 082 |
_a 610.28 _bDOM-I |
||
| 100 | _aDomach, Michael M. | ||
| 245 |
_aIntroduction to biomedical engineering _cDomach, Michael M. |
||
| 260 |
_aNew Delhi,India: _bPearson Education, _c2004 |
||
| 300 | _a256p. | ||
| 546 | _aEN | ||
| 650 | _aBiomedical engineering | ||
| 942 | _cBK | ||
| 999 |
_c54235 _d54235 |
||